Trece relatos nórdicos ; (Registro nro. 30800)

Detalles MARC
000 -LÍDER
campo de control de longitud fija 00768nam a22001937a 4500
005 - FECHA Y HORA DE LA ÚLTIMA
campo de control 20240812113123.0
008 - ELEMENTOS DE DATOS DE LONGITUD FIJA - INFORMACIÓN GENERAL
campo de control de longitud fija 240812e2020 ck a|||| |||| 00| 0 spa d
020 ## - NÚMERO INTERNACIONAL NORMALIZADO DEL LIBRO
Número de libro estándar internacional 9789585595309
040 ## - FUENTE DE CATALOGACIÓN
Agencia de catalogación original CO-JMCR
Agencia de transcripción CO-JMCR
Agencia modificadora CO-JMCR
Convenciones de descripción spa
041 ## - CÓDIGO DE IDIOMA
Código de idioma del texto/pista de sonido o título independiente spa
082 ## - NÚMERO DE CLASIFICACIÓN DECIMAL DEWEY
Número de clasificación C
Número de artículo TREt
110 ## - ENTRADA PRINCIPAL - NOMBRE CORPORATIVO
Corporate name or jurisdiction name as entry element Bogotá (Colombia)
Unidad subordinada Alcaldía Mayor de Bogotá
-- Secretaria de Cultura, Recreación y Deporte-SCRD
-- Instituto Distrital de las Artes (IDARTES)
9 (RLIN) 43785
245 ## - DECLARACIÓN DEL TÍTULO
Título Trece relatos nórdicos ;
Declaración de responsabilidad, etc. Instituto Distrital de las Artes (IDARTES)
260 ## - PUBLICACIÓN, DISTRIBUCIÓN, ETC.
Lugar de publicación, distribución, etc. Bogotá
Nombre del editor, distribuidor, etc. Instituto Distrital de las Artes (IDARTES)
Fecha de publicación, distribución, etc. 2020
300 ## - DESCRIPCIÓN FÍSICA
Medida 144 páginas :
Otros detalles fisicos Ilustraciones a blanco y negro ;
Dimensiones 16 cm
650 14 - ENTRADA AÑADIDA DE ASUNTO - TÉRMINO TEMÁTICO
Fuente del encabezado o término JMCR
-- Cuentos infantiles
650 24 - ENTRADA AÑADIDA DE ASUNTO - TÉRMINO TEMÁTICO
Fuente del encabezado o término JMCR
-- Literatura nordica
9 (RLIN) 43786
942 ## - ELEMENTOS DE ENTRADA AÑADIDOS (KOHA)
Source of classification or shelving scheme Dewey Decimal Classification
Tipo de artículo Koha Books
999 ## -
-- 30800
-- 17184
Existencias
Estado retirado